000 00507nam a2200181Ia 4500
008 100917s9999 xx 000 0 und d
082 _b40642
100 _aशहा सुरेखा
245 _aचक्रव्युह
260 _bललवाणी प्रकाशन
_c1966
300 _a155
365 _b5
520 _aकादंबरी
630 _aचक्रव्युह
650 _aकादंबरी
730 _aचक्रव्युह
942 _cBOOK
999 _c646036
_d646033